[Event "Bundesliga 9495"]
[Site "Deutschland"]
[Date "1995.??.??"]
[Round "?.4"]
[White "Kindermann, Stefan"]
[Black "Pezerovic, Edin"]
[Result "1/2-1/2"]
[WhiteElo "2585"]
[BlackElo "2400"]
[PlyCount "90"]
[EventDate "1994.10.??"]
[EventType "team"]
[EventRounds "15"]
[EventCountry "GER"]
[SourceTitle "Bundesliga 9495"]
[Source "DeepChess"]
[SourceDate "2005.01.01"]
[SourceVersion "1"]
[SourceVersionDate "2005.01.01"]
[SourceQuality "1"]
[WhiteTeam "FC Bayern Muenchen e.V."]
[BlackTeam "Muenchener SC 1836 e.V."]
[WhiteTeamCountry "GER"]
[BlackTeamCountry "GER"]

1. e4 c6 2. d4 d5 3. e5 Bf5 4. Nf3 e6 5. Be2 Nd7 6. O-O h6 7. b3 Ne7 8. Bb2 Ng6
9. Re1 Nf4 10. Bf1 g5 11. g3 Nh3+ 12. Kg2 h5 13. Ng1 Nxg1 14. Kxg1 g4 15. c4 a6
16. Nc3 h4 17. Qe2 Qg5 18. c5 Rh7 19. b4 Bg7 20. a4 Ke7 21. Bc1 Qg6 22. Ra2
Rah8 23. Qd1 Rh5 24. b5 Qh7 25. Ree2 Bd3 26. Reb2 Bxf1 27. Kxf1 Qf5 28. Kg1
Bxe5 29. bxc6 hxg3 30. fxg3 Bxg3 31. cxd7 Qh7 32. Rxb7 Rf5 33. Qe2 Qh3 34.
Nxd5+ Rxd5 35. d8=Q+ Kxd8 36. Qg2 Qxg2+ 37. Rxg2 Bc7 38. Rxg4 Kd7 39. Bf4 Rc8
40. Ra7 Rxd4 41. h3 Kc6 42. Bxc7 Rxg4+ 43. hxg4 Rxc7 44. Rxa6+ Kxc5 45. Kf2 Kd5
1/2-1/2

[Event "Bundesliga 9495"]
[Site "Deutschland"]
[Date "1995.??.??"]
[Round "?.5"]
[White "Sandor, Christian"]
[Black "Boensch, Uwe"]
[Result "0-1"]
[WhiteElo "2420"]
[BlackElo "2550"]
[PlyCount "92"]
[EventDate "1994.10.??"]
[EventType "team"]
[EventRounds "15"]
[EventCountry "GER"]
[SourceTitle "Bundesliga 9495"]
[Source "DeepChess"]
[SourceDate "2005.01.01"]
[SourceVersion "1"]
[SourceVersionDate "2005.01.01"]
[SourceQuality "1"]
[WhiteTeam "Muenchener SC 1836 e.V."]
[BlackTeam "FC Bayern Muenchen e.V."]
[WhiteTeamCountry "GER"]
[BlackTeamCountry "GER"]

1. e4 c5 2. Nf3 Nc6 3. d4 cxd4 4. Nxd4 e5 5. Nb5 d6 6. N1c3 a6 7. Na3 Be6 8.
Nc4 h6 9. g3 Nf6 10. Ne3 Rc8 11. Bg2 Nd4 12. O-O Be7 13. Ncd5 Nxd5 14. exd5 Bd7
15. Be4 Bh3 16. Re1 Qd7 17. c3 Nf5 18. Nxf5 Bxf5 19. Bg2 O-O 20. a4 Bg5 21.
Bxg5 hxg5 22. Qd2 g4 23. a5 g6 24. Qh6 Rc5 25. Ra3 Rfc8 26. Rc1 Bd3 27. h3 e4
28. hxg4 Rxd5 29. c4 Re5 30. Bh3 Rxc4 31. Rxc4 Bxc4 32. Rc3 Be6 33. Qc1 Rxa5
34. b4 Ra2 35. Qf4 Ra1+ 36. Kh2 Qa4 37. Qxd6 Qa2 38. Qd8+ Kh7 39. Qf6 Qb1 40.
Bg2 Qg1+ 41. Kh3 Qd1 42. Qf4 Qd4 43. Rc7 Kg8 44. Kh2 Ra2 45. Qxe4 Qxf2 46. Rxb7
Qxg2+ 0-1

[Event "Bundesliga 9495"]
[Site "Deutschland"]
[Date "1995.??.??"]
[Round "?.6"]
[White "Stangl, Markus"]
[Black "Reich, Thomas"]
[Result "1/2-1/2"]
[WhiteElo "2540"]
[BlackElo "2400"]
[PlyCount "69"]
[EventDate "1994.10.??"]
[EventType "team"]
[EventRounds "15"]
[EventCountry "GER"]
[SourceTitle "Bundesliga 9495"]
[Source "DeepChess"]
[SourceDate "2005.01.01"]
[SourceVersion "1"]
[SourceVersionDate "2005.01.01"]
[SourceQuality "1"]
[WhiteTeam "FC Bayern Muenchen e.V."]
[BlackTeam "Muenchener SC 1836 e.V."]
[WhiteTeamCountry "GER"]
[BlackTeamCountry "GER"]

1. d4 Nf6 2. Nf3 g6 3. Bg5 Bg7 4. c3 d5 5. Nbd2 O-O 6. e3 Nbd7 7. Be2 Re8 8.
O-O e5 9. Nb3 h6 10. Bh4 g5 11. Bg3 Ne4 12. Bxe5 f6 13. Bg3 h5 14. h3 Nxg3 15.
fxg3 Bh6 16. Ne1 g4 17. hxg4 Bxe3+ 18. Kh2 hxg4 19. Bxg4 Re7 20. Nc2 Rh7+ 21.
Bh3 Bg5 22. Kg1 Nb6 23. Bxc8 Qxc8 24. Qf3 c6 25. Ne3 Na4 26. Rf2 Qe6 27. Nf5
Re8 28. Qd3 b6 29. Qd1 Qd7 30. g4 Qc7 31. Re2 Qh2+ 32. Kf2 Qf4+ 33. Kg1 Qh2+
34. Kf2 Qf4+ 35. Kg1 1/2-1/2

[Event "Bundesliga 9495"]
[Site "Deutschland"]
[Date "1995.??.??"]
[Round "?.7"]
[White "Ruf, Matthias"]
[Black "Bischoff, Klaus"]
[Result "0-1"]
[WhiteElo "2375"]
[BlackElo "2525"]
[PlyCount "80"]
[EventDate "1994.10.??"]
[EventType "team"]
[EventRounds "15"]
[EventCountry "GER"]
[SourceTitle "Bundesliga 9495"]
[Source "DeepChess"]
[SourceDate "2005.01.01"]
[SourceVersion "1"]
[SourceVersionDate "2005.01.01"]
[SourceQuality "1"]
[WhiteTeam "Muenchener SC 1836 e.V."]
[BlackTeam "FC Bayern Muenchen e.V."]
[WhiteTeamCountry "GER"]
[BlackTeamCountry "GER"]

1. d4 Nf6 2. c3 d6 3. Bg5 Nbd7 4. Nd2 h6 5. Bh4 e5 6. e4 Be7 7. Bg3 O-O 8. Be2
Re8 9. Ngf3 exd4 10. Nxd4 Bf8 11. f3 Nh5 12. Nf1 c6 13. Qd2 Nxg3 14. Nxg3 Nf6
15. O-O g6 16. Rfe1 Bd7 17. a4 Qc7 18. Qf4 Bg7 19. Bc4 Re5 20. Qd2 Rae8 21. Bd3
R5e7 22. Re2 h5 23. Nf1 a6 24. Qf4 c5 25. Nc2 c4 26. Bxc4 Qxc4 27. Rd2 d5 28.
Nce3 Qc5 29. exd5 Rxe3 30. Nxe3 Qxe3+ 31. Qxe3 Rxe3 32. Kf2 Bh6 33. Rd4 Re5 34.
Rb4 b5 35. axb5 axb5 36. d6 Be3+ 37. Kf1 Bc5 38. Rf4 Be6 39. g4 Kg7 40. Rd1 Nd5
0-1

[Event "Bundesliga 9495"]
[Site "Deutschland"]
[Date "1995.??.??"]
[Round "?.8"]
[White "Schlosser, Philipp"]
[Black "Kraenzle, Harald"]
[Result "1-0"]
[WhiteElo "2505"]
[BlackElo "2215"]
[PlyCount "125"]
[EventDate "1994.10.??"]
[EventType "team"]
[EventRounds "15"]
[EventCountry "GER"]
[SourceTitle "Bundesliga 9495"]
[Source "DeepChess"]
[SourceDate "2005.01.01"]
[SourceVersion "1"]
[SourceVersionDate "2005.01.01"]
[SourceQuality "1"]
[WhiteTeam "FC Bayern Muenchen e.V."]
[BlackTeam "Muenchener SC 1836 e.V."]
[WhiteTeamCountry "GER"]
[BlackTeamCountry "GER"]

1. d4 Nf6 2. Nf3 c5 3. d5 b5 4. Bg5 Bb7 5. Bxf6 exf6 6. e4 c4 7. Be2 Bc5 8. O-O
O-O 9. b3 cxb3 10. axb3 a6 11. c3 Re8 12. Bd3 d6 13. b4 Bb6 14. Na3 Nd7 15. c4
bxc4 16. Nxc4 Ne5 17. Nfxe5 fxe5 18. Na5 Qd7 19. Qa4 Qxa4 20. Rxa4 Bxa5 21.
bxa5 f5 22. Rb4 fxe4 23. Bxe4 Bc8 24. Rb6 Rd8 25. Rc1 Kf7 26. Rc7+ Kf6 27. f3
h6 28. h4 g5 29. Rh7 gxh4 30. Rxh6+ Kg5 31. Rbxd6 Rxd6 32. Rxd6 Bf5 33. Bxf5
Kxf5 34. Kf2 e4 35. Rb6 exf3 36. Kxf3 Ke5 37. d6 Ke6 38. Kg4 Rg8+ 39. Kh3 Rg3+
40. Kh2 Ra3 41. Rxa6 Kd7 42. Ra8 Kxd6 43. a6 Kc7 44. a7 Kb7 45. Rh8 Kxa7 46.
Rxh4 Kb7 47. Rc4 Ra8 48. g3 Kb6 49. Kh3 Rh8+ 50. Kg4 Rg8+ 51. Kf4 Rf8+ 52. Ke5
Re8+ 53. Kf6 Rg8 54. g4 Kb5 55. Re4 Kc6 56. g5 Kd5 57. Re7 Kd6 58. Rf7 Re8 59.
g6 Re6+ 60. Kg7 Re1 61. Kg8 Ke6 62. g7 Ra1 63. Rf4 1-0

[Event "Bundesliga 9495"]
[Site "Deutschland"]
[Date "1995.??.??"]
[Round "?.2"]
[White "Ribli, Zoltan"]
[Black "Unzicker, Wolfgang"]
[Result "1-0"]
[WhiteElo "2600"]
[BlackElo "2440"]
[PlyCount "61"]
[EventDate "1994.10.??"]
[EventType "team"]
[EventRounds "15"]
[EventCountry "GER"]
[SourceTitle "Bundesliga 9495"]
[Source "DeepChess"]
[SourceDate "2005.01.01"]
[SourceVersion "1"]
[SourceVersionDate "2005.01.01"]
[SourceQuality "1"]
[WhiteTeam "FC Bayern Muenchen e.V."]
[BlackTeam "PSV Turm Duisburg 1920 e.V."]
[WhiteTeamCountry "GER"]
[BlackTeamCountry "GER"]

1. Nf3 Nf6 2. c4 c5 3. g3 e6 4. Bg2 Nc6 5. O-O d5 6. cxd5 Nxd5 7. d4 Be7 8.
dxc5 Bxc5 9. a3 O-O 10. b4 Bb6 11. Bb2 Qe7 12. e4 Nf6 13. e5 Nd5 14. Nbd2 Rd8
15. Qe2 Bd7 16. Ne4 Bc7 17. Rfd1 Rac8 18. Rac1 Bb8 19. Rc4 Be8 20. Rdc1 a6 21.
h4 Na7 22. Rxc8 Rxc8 23. Rxc8 Nxc8 24. Neg5 Ncb6 25. Nxh7 Kxh7 26. Ng5+ Kg8 27.
Qh5 Qc7 28. Bd4 Nd7 29. Bxd5 exd5 30. Qh7+ Kf8 31. e6 1-0

[Event "Bundesliga 9495"]
[Site "Deutschland"]
[Date "1995.??.??"]
[Round "?.3"]
[White "Espig, Lutz"]
[Black "Kindermann, Stefan"]
[Result "1/2-1/2"]
[WhiteElo "2430"]
[BlackElo "2585"]
[PlyCount "70"]
[EventDate "1994.10.??"]
[EventType "team"]
[EventRounds "15"]
[EventCountry "GER"]
[SourceTitle "Bundesliga 9495"]
[Source "DeepChess"]
[SourceDate "2005.01.01"]
[SourceVersion "1"]
[SourceVersionDate "2005.01.01"]
[SourceQuality "1"]
[WhiteTeam "PSV Turm Duisburg 1920 e.V."]
[BlackTeam "FC Bayern Muenchen e.V."]
[WhiteTeamCountry "GER"]
[BlackTeamCountry "GER"]

1. Nf3 Nf6 2. c4 c5 3. Nc3 Nc6 4. g3 d5 5. cxd5 Nxd5 6. Bg2 Nc7 7. a3 g6 8. d3
Bg7 9. O-O O-O 10. Bd2 Bd7 11. Rb1 a5 12. Na4 Ne6 13. Ng5 Nxg5 14. Bxg5 b6 15.
Qd2 Re8 16. Nc3 Rc8 17. Nb5 Be6 18. Bh6 Bh8 19. Rfc1 a4 20. Qf4 Bb3 21. Qh4 Qd7
22. Bh3 Be6 23. Bxe6 Qxe6 24. Be3 Qb3 25. Qc4 Red8 26. Kf1 Na5 27. Qxb3 Nxb3
28. Rc4 Ra8 29. Nc3 Bd4 30. Ke1 Ra5 31. Ne4 f5 32. Nd2 Nxd2 33. Kxd2 Bxe3+ 34.
Kxe3 Rda8 35. Rbc1 Kf7 1/2-1/2

[Event "Bundesliga 9495"]
[Site "Deutschland"]
[Date "1995.??.??"]
[Round "?.4"]
[White "Gabriel, Christian"]
[Black "Mohr, Stefan"]
[Result "1/2-1/2"]
[WhiteElo "2535"]
[BlackElo "2455"]
[PlyCount "28"]
[EventDate "1994.10.??"]
[EventType "team"]
[EventRounds "15"]
[EventCountry "GER"]
[SourceTitle "Bundesliga 9495"]
[Source "DeepChess"]
[SourceDate "2005.01.01"]
[SourceVersion "1"]
[SourceVersionDate "2005.01.01"]
[SourceQuality "1"]
[WhiteTeam "FC Bayern Muenchen e.V."]
[BlackTeam "PSV Turm Duisburg 1920 e.V."]
[WhiteTeamCountry "GER"]
[BlackTeamCountry "GER"]

1. d4 d6 2. e4 g6 3. Nf3 Nf6 4. Nc3 Bg7 5. Be2 O-O 6. O-O c6 7. h3 Nbd7 8. Bf4
Qa5 9. Qd2 e5 10. dxe5 dxe5 11. Bh2 Re8 12. Rfd1 b5 13. a3 Bb7 14. Qe3 Qb6
1/2-1/2

[Event "Bundesliga 9495"]
[Site "Deutschland"]
[Date "1995.??.??"]
[Round "?.5"]
[White "Gruenberg, Hans Ulrich"]
[Black "Boensch, Uwe"]
[Result "1/2-1/2"]
[WhiteElo "2470"]
[BlackElo "2550"]
[PlyCount "119"]
[EventDate "1994.10.??"]
[EventType "team"]
[EventRounds "15"]
[EventCountry "GER"]
[SourceTitle "Bundesliga 9495"]
[Source "DeepChess"]
[SourceDate "2005.01.01"]
[SourceVersion "1"]
[SourceVersionDate "2005.01.01"]
[SourceQuality "1"]
[WhiteTeam "PSV Turm Duisburg 1920 e.V."]
[BlackTeam "FC Bayern Muenchen e.V."]
[WhiteTeamCountry "GER"]
[BlackTeamCountry "GER"]

1. d4 Nf6 2. c4 e6 3. Nc3 d5 4. Bg5 Be7 5. e3 h6 6. Bh4 O-O 7. Bd3 c5 8. dxc5
Na6 9. cxd5 Nxc5 10. Bc2 Nxd5 11. Bxe7 Qxe7 12. Nxd5 exd5 13. Nf3 Rd8 14. Nd4
Qg5 15. Qf3 Ne4 16. h3 Rd6 17. Bxe4 dxe4 18. Qxe4 Qa5+ 19. Ke2 Be6 20. Rhc1 Bd5
21. Qf5 Qa6+ 22. Qd3 Qxd3+ 23. Kxd3 Bxg2 24. h4 Re8 25. Rg1 Be4+ 26. Kd2 Re5
27. Rac1 Rh5 28. Rc8+ Kh7 29. Rc7 Rf6 30. Rg4 Rxf2+ 31. Ke1 Bf5 32. Rxg7+ Kxg7
33. Kxf2 Be4 34. Kg3 Kf6 35. b4 Re5 36. a3 Bd5 37. Kf2 a6 38. Rd7 Be4 39. Kg3
Bh1 40. Kf2 Kg6 41. Rd6+ f6 42. Ne2 Bc6 43. Nd4 Bh1 44. Rd7 Kh5 45. Rh7 Be4 46.
Rh8 Re7 47. Ne2 Bh7 48. Rf8 Kxh4 49. Rxf6 Kg5 50. Rd6 Be4 51. Nd4 h5 52. Kg3
h4+ 53. Kh3 Bc6 54. Nxc6 Rxe3+ 55. Kh2 bxc6 56. Rxc6 Rxa3 57. b5 Ra2+ 58. Kh3
Ra3+ 59. Kh2 axb5 60. Rc5+ 1/2-1/2

[Event "Bundesliga 9495"]
[Site "Deutschland"]
[Date "1995.??.??"]
[Round "?.6"]
[White "Stangl, Markus"]
[Black "Moiseev, Viktor"]
[Result "1-0"]
[WhiteElo "2540"]
[BlackElo "2455"]
[PlyCount "55"]
[EventDate "1994.10.??"]
[EventType "team"]
[EventRounds "15"]
[EventCountry "GER"]
[SourceTitle "Bundesliga 9495"]
[Source "DeepChess"]
[SourceDate "2005.01.01"]
[SourceVersion "1"]
[SourceVersionDate "2005.01.01"]
[SourceQuality "1"]
[WhiteTeam "FC Bayern Muenchen e.V."]
[BlackTeam "PSV Turm Duisburg 1920 e.V."]
[WhiteTeamCountry "GER"]
[BlackTeamCountry "GER"]

1. Nf3 c5 2. c4 Nf6 3. Nc3 e6 4. g3 b6 5. Bg2 Bb7 6. O-O Be7 7. Re1 O-O 8. e4
Nc6 9. d4 cxd4 10. Nxd4 Rc8 11. e5 Ne8 12. Bf4 d6 13. Qa4 Nxd4 14. Bxb7 Rc7 15.
Bg2 Rd7 16. Rad1 dxe5 17. Bxe5 Bf6 18. Nd5 exd5 19. Rxd4 Qe7 20. f4 Nd6 21.
Rxd5 Rdd8 22. Qc6 Bxe5 23. Rexe5 Qf6 24. Qc7 g6 25. Bh3 h5 26. b3 h4 27. Qxa7
hxg3 28. hxg3 1-0

[Event "Bundesliga 9495"]
[Site "Deutschland"]
[Date "1995.??.??"]
[Round "?.7"]
[White "Himmel, Hansjoerg"]
[Black "Bischoff, Klaus"]
[Result "0-1"]
[WhiteElo "2355"]
[BlackElo "2525"]
[PlyCount "72"]
[EventDate "1994.10.??"]
[EventType "team"]
[EventRounds "15"]
[EventCountry "GER"]
[SourceTitle "Bundesliga 9495"]
[Source "DeepChess"]
[SourceDate "2005.01.01"]
[SourceVersion "1"]
[SourceVersionDate "2005.01.01"]
[SourceQuality "1"]
[WhiteTeam "PSV Turm Duisburg 1920 e.V."]
[BlackTeam "FC Bayern Muenchen e.V."]
[WhiteTeamCountry "GER"]
[BlackTeamCountry "GER"]

1. e4 c5 2. Nf3 e6 3. d4 cxd4 4. Nxd4 a6 5. Nc3 Qc7 6. g3 Bb4 7. Nde2 Nf6 8.
Bg2 Be7 9. O-O Nc6 10. b3 O-O 11. Bb2 Rd8 12. h3 d6 13. a3 b5 14. g4 Bb7 15.
Ng3 Rac8 16. g5 Nd7 17. f4 Bf8 18. f5 Nce5 19. Qe2 Re8 20. Qd2 Nb6 21. Qf4 Nbd7
22. Rac1 Qc5+ 23. Kh1 Qa7 24. Rf2 Ba8 25. Rcf1 Qb8 26. Nd1 exf5 27. Nxf5 g6 28.
Nh6+ Bxh6 29. gxh6 Re6 30. Qg5 Rce8 31. Ne3 Qd8 32. Qg3 Nf6 33. Nd5 Nh5 34. Qc3
Qh4 35. Rxf7 Ng3+ 36. Kg1 Ne2+ 0-1

[Event "Bundesliga 9495"]
[Site "Deutschland"]
[Date "1995.??.??"]
[Round "?.8"]
[White "Bezold, Michael"]
[Black "Kilian, Ralf"]
[Result "1/2-1/2"]
[WhiteElo "2495"]
[BlackElo "2226"]
[PlyCount "48"]
[EventDate "1994.10.??"]
[EventType "team"]
[EventRounds "15"]
[EventCountry "GER"]
[SourceTitle "Bundesliga 9495"]
[Source "DeepChess"]
[SourceDate "2005.01.01"]
[SourceVersion "1"]
[SourceVersionDate "2005.01.01"]
[SourceQuality "1"]
[WhiteTeam "FC Bayern Muenchen e.V."]
[BlackTeam "PSV Turm Duisburg 1920 e.V."]
[WhiteTeamCountry "GER"]
[BlackTeamCountry "GER"]

1. Nf3 Nf6 2. d4 e6 3. g3 b6 4. Bg2 Bb7 5. c4 Bb4+ 6. Bd2 Bxd2+ 7. Qxd2 d6 8.
Nc3 Ne4 9. Nxe4 Bxe4 10. O-O Nd7 11. Rac1 O-O 12. Rfd1 Qe7 13. b4 Rfd8 14. Qe3
Nf6 15. d5 Bxf3 16. Qxf3 e5 17. e4 a5 18. c5 axb4 19. cxb6 cxb6 20. Qb3 Nd7 21.
Rc2 Nc5 22. Qxb4 Ra6 23. Qb5 Qa7 24. Re2 Ra4 1/2-1/2

[Event "Bundesliga 9495"]
[Site "Deutschland"]
[Date "1994.??.??"]
[Round "?.4"]
[White "Gabriel, Christian"]
[Black "Uhlmann, Wolfgang"]
[Result "1-0"]
[WhiteElo "2545"]
[BlackElo "2465"]
[PlyCount "111"]
[EventDate "1994.10.??"]
[EventType "team"]
[EventRounds "15"]
[EventCountry "GER"]
[SourceTitle "Bundesliga 9495"]
[Source "DeepChess"]
[SourceDate "2005.01.01"]
[SourceVersion "1"]
[SourceVersionDate "2005.01.01"]
[SourceQuality "1"]
[WhiteTeam "FC Bayern Muenchen e.V."]
[BlackTeam "Post SV Dresden"]
[WhiteTeamCountry "GER"]
[BlackTeamCountry "GER"]

1. d4 Nf6 2. c4 g6 3. Nc3 Bg7 4. e4 d6 5. f4 O-O 6. Nf3 c5 7. dxc5 Qa5 8. Bd3
Qxc5 9. Qe2 Nc6 10. Be3 Qa5 11. Rc1 Bg4 12. O-O Nd7 13. Qf2 Nb4 14. Bb1 Rac8
15. a3 Na6 16. Nd2 Be6 17. f5 Bxc4 18. Nxc4 Rxc4 19. Nd5 Rxc1 20. Nxe7+ Kh8 21.
Bxc1 Nc7 22. Bf4 Ne8 23. Nd5 gxf5 24. Ne7 fxe4 25. Bxe4 f5 26. Bb1 Qb6 27. Qxb6
Nxb6 28. b3 Bd4+ 29. Kh1 Be5 30. Bh6 Bg7 31. Bd2 f4 32. Rxf4 Rxf4 33. Bxf4 Be5
34. Be3 Kg7 35. g3 Kf7 36. Nf5 Nf6 37. Kg2 Nc8 38. Kf3 a6 39. h3 d5 40. g4 Nd6
41. Nxd6+ Bxd6 42. g5 Nd7 43. Bxh7 Ne5+ 44. Ke2 Bxa3 45. Bd4 Ng6 46. Kf3 Bf8
47. Bxg6+ Kxg6 48. Kg4 b5 49. h4 a5 50. h5+ Kh7 51. g6+ Kg8 52. Kg5 Be7+ 53.
Bf6 Bxf6+ 54. Kxf6 a4 55. h6 axb3 56. h7+ 1-0

[Event "Bundesliga 9495"]
[Site "Deutschland"]
[Date "1994.??.??"]
[Round "?.5"]
[White "Maiwald, Jens Uwe"]
[Black "Boensch, Uwe"]
[Result "0-1"]
[WhiteElo "2445"]
[BlackElo "2540"]
[PlyCount "62"]
[EventDate "1994.10.??"]
[EventType "team"]
[EventRounds "15"]
[EventCountry "GER"]
[SourceTitle "Bundesliga 9495"]
[Source "DeepChess"]
[SourceDate "2005.01.01"]
[SourceVersion "1"]
[SourceVersionDate "2005.01.01"]
[SourceQuality "1"]
[WhiteTeam "Post SV Dresden"]
[BlackTeam "FC Bayern Muenchen e.V."]
[WhiteTeamCountry "GER"]
[BlackTeamCountry "GER"]

1. e4 c5 2. Nf3 Nc6 3. Bb5 e6 4. O-O Nge7 5. b3 Ng6 6. Bb2 f6 7. h4 Bd6 8. Bxc6
bxc6 9. d3 O-O 10. Nbd2 Bc7 11. g3 e5 12. h5 Ne7 13. Nh4 d5 14. f4 exf4 15.
gxf4 c4 16. bxc4 Bh3 17. Rf2 Rb8 18. Ba3 Bb6 19. c5 Ba5 20. Kh2 Bc8 21. Ndf3
Qc7 22. Kg3 Qd7 23. f5 Qc7+ 24. Kg4 g6 25. hxg6 hxg6 26. Qg1 Rf7 27. Kh3 Rh7
28. Qg4 Nxf5 29. Qxg6+ Rg7 30. Qe8+ Kh7 31. Ng5+ Rxg5 0-1

[Event "Bundesliga 9495"]
[Site "Deutschland"]
[Date "1994.??.??"]
[Round "?.7"]
[White "Kaminski, Uwe"]
[Black "Bischoff, Klaus"]
[Result "0-1"]
[WhiteElo "2390"]
[BlackElo "2525"]
[PlyCount "62"]
[EventDate "1994.10.??"]
[EventType "team"]
[EventRounds "15"]
[EventCountry "GER"]
[SourceTitle "Bundesliga 9495"]
[Source "DeepChess"]
[SourceDate "2005.01.01"]
[SourceVersion "1"]
[SourceVersionDate "2005.01.01"]
[SourceQuality "1"]
[WhiteTeam "Post SV Dresden"]
[BlackTeam "FC Bayern Muenchen e.V."]
[WhiteTeamCountry "GER"]
[BlackTeamCountry "GER"]

1. e4 c5 2. Nf3 e6 3. d4 cxd4 4. Nxd4 a6 5. Nc3 Qc7 6. g3 Nc6 7. Bg2 Nge7 8.
Nb3 Ng6 9. O-O Be7 10. f4 O-O 11. h4 f6 12. h5 Nh8 13. Be3 Rb8 14. Qe2 Nf7 15.
Rad1 b5 16. Bf3 Nd6 17. Kh2 Nc4 18. Bc1 Nd8 19. Rd4 Nb6 20. a3 Nf7 21. Rfd1
Bxa3 22. Nxb5 axb5 23. bxa3 Na4 24. R1d3 d6 25. Be3 e5 26. Rb4 Be6 27. Rd2 Rfc8
28. Qf2 Nc3 29. Nc1 Ra8 30. Ne2 Rxa3 31. Nxc3 Qxc3 0-1

[Event "Bundesliga 9495"]
[Site "Deutschland"]
[Date "1994.??.??"]
[Round "?.8"]
[White "Bezold, Michael"]
[Black "Heinatz, Thomas"]
[Result "1-0"]
[WhiteElo "2475"]
[BlackElo "2305"]
[PlyCount "117"]
[EventDate "1994.10.??"]
[EventType "team"]
[EventRounds "15"]
[EventCountry "GER"]
[SourceTitle "Bundesliga 9495"]
[Source "DeepChess"]
[SourceDate "2005.01.01"]
[SourceVersion "1"]
[SourceVersionDate "2005.01.01"]
[SourceQuality "1"]
[WhiteTeam "FC Bayern Muenchen e.V."]
[BlackTeam "Post SV Dresden"]
[WhiteTeamCountry "GER"]
[BlackTeamCountry "GER"]

1. d4 Nf6 2. c4 g6 3. Nc3 Bg7 4. e4 d6 5. Nf3 O-O 6. Be2 e5 7. d5 a5 8. Bg5 h6
9. Bh4 Na6 10. O-O Qe8 11. Nd2 Nh7 12. a3 Bd7 13. b3 h5 14. f3 Bh6 15. Ra2 Be3+
16. Kh1 f5 17. exf5 gxf5 18. Qb1 Qg6 19. b4 Rf7 20. Nd1 Bf4 21. Nb3 axb4 22.
axb4 Re8 23. b5 Nc5 24. Nxc5 dxc5 25. Re1 e4 26. Bf1 Nf6 27. Rae2 Rg7 28. Qb3
Bg5 29. Bxg5 Qxg5 30. Nf2 Rf8 31. Nh3 Qh6 32. Qe3 Qxe3 33. Rxe3 Ra8 34. Nf4 h4
35. Rd1 Kf7 36. d6 c6 37. Be2 Ra2 38. Kg1 Rg8 39. fxe4 Nxe4 40. Bf3 cxb5 41.
Bxe4 fxe4 42. Rxe4 Re8 43. Rde1 Rxe4 44. Rxe4 Ra1+ 45. Kf2 Ra2+ 46. Kg1 Ra1+
47. Kf2 Ra2+ 48. Ke1 Ra1+ 49. Kd2 Ra2+ 50. Kc3 Bc6 51. Re7+ Kf6 52. cxb5 Bxb5
53. Rxb7 Ba4 54. d7 Bxd7 55. Rxd7 h3 56. gxh3 Rxh2 57. Kd3 Kg5 58. Ke4 Rh1 59.
Rd5+ 1-0

[Event "Bundesliga 9495"]
[Site "Deutschland"]
[Date "1994.??.??"]
[Round "?.2"]
[White "Blatny, Pavel"]
[Black "Jussupow, Artur"]
[Result "0-1"]
[WhiteElo "2485"]
[BlackElo "2655"]
[PlyCount "106"]
[EventDate "1994.10.??"]
[EventType "team"]
[EventRounds "15"]
[EventCountry "GER"]
[SourceTitle "Bundesliga 9495"]
[Source "DeepChess"]
[SourceDate "2005.01.01"]
[SourceVersion "1"]
[SourceVersionDate "2005.01.01"]
[SourceQuality "1"]
[WhiteTeam "SAbt SV Werder Bremen"]
[BlackTeam "FC Bayern Muenchen e.V."]
[WhiteTeamCountry "GER"]
[BlackTeamCountry "GER"]

1. Nf3 d5 2. b3 Nf6 3. g3 Bf5 4. Bb2 e6 5. Bg2 Be7 6. d3 h6 7. O-O O-O 8. c4
Bh7 9. Nbd2 Nc6 10. a3 a5 11. Qc2 Nd7 12. Nd4 Nxd4 13. Bxd4 c6 14. Nf3 Bd6 15.
Qb2 f6 16. b4 e5 17. Bc3 d4 18. Bd2 a4 19. c5 Be7 20. Rad1 Kh8 21. Rfe1 b6 22.
cxb6 Qxb6 23. e3 Nc5 24. Bf1 Nxd3 25. Bxd3 Bxd3 26. exd4 e4 27. Nh4 Kh7 28. Nf5
Rfe8 29. Bxh6 Bf8 30. Be3 Qb5 31. Nh4 g5 32. Ng2 Kg6 33. h4 Bd6 34. Rc1 Rh8 35.
Qd2 gxh4 36. Bf4 h3 37. Ne3 Bxf4 38. gxf4 h2+ 39. Kh1 Qh5 40. Ng2 Rag8 41. Rxc6
Qf3 42. Qe3 Be2 43. Qxf3 Bxf3 44. Rc3 Rd8 45. f5+ Kg5 46. b5 Rxd4 47. b6 Rd2
48. Rf1 Rb2 49. Rc7 Rxb6 50. Rg7+ Kxf5 51. Rc1 Rb5 52. Rg5+ Kxg5 53. Rc5+ Kh6
0-1

[Event "Bundesliga 9495"]
[Site "Deutschland"]
[Date "1994.??.??"]
[Round "?.3"]
[White "Kindermann, Stefan"]
[Black "Knaak, Rainer"]
[Result "1/2-1/2"]
[WhiteElo "2560"]
[BlackElo "2520"]
[PlyCount "67"]
[EventDate "1994.10.??"]
[EventType "team"]
[EventRounds "15"]
[EventCountry "GER"]
[SourceTitle "Bundesliga 9495"]
[Source "DeepChess"]
[SourceDate "2005.01.01"]
[SourceVersion "1"]
[SourceVersionDate "2005.01.01"]
[SourceQuality "1"]
[WhiteTeam "FC Bayern Muenchen e.V."]
[BlackTeam "SAbt SV Werder Bremen"]
[WhiteTeamCountry "GER"]
[BlackTeamCountry "GER"]

1. e4 e6 2. d4 d5 3. Nc3 Bb4 4. e5 c5 5. a3 Ba5 6. b4 cxb4 7. Nb5 Nc6 8. axb4
Bxb4+ 9. c3 Be7 10. Ba3 Nh6 11. Bxe7 Qxe7 12. Nd6+ Kf8 13. Bd3 f6 14. f4 f5 15.
Nf3 Nf7 16. Nxf7 Kxf7 17. g4 h6 18. Rg1 Bd7 19. Ra2 g6 20. h4 Rag8 21. Qb3 b6
22. Rag2 Kf8 23. Qa2 Be8 24. h5 fxg4 25. Rxg4 gxh5 26. Rxg8+ Rxg8 27. Rxg8+
Kxg8 28. f5 exf5 29. Qxd5+ Kg7 30. Bxf5 Qa3 31. Kd2 Ne7 32. Qe6 Nxf5 33. Qxe8
Qb2+ 34. Kd3 1/2-1/2